| 000 | 00633nam a2200193 i 4500 | ||
|---|---|---|---|
| 001 | 89190 | ||
| 003 | ES-MaACL | ||
| 005 | 20230906180116.0 | ||
| 007 | t| | ||
| 008 | 050105s1960 sp ||||1| spa d | ||
| 100 | 1 |
_aLanger, H. _970035 |
|
| 245 | 1 | 0 |
_aTrazado y composición de edificios / _cH. Langer ; traducción de Carlos Sènz de Magarola ; revisada por Francisco Folguera. |
| 260 |
_aBarcelona, etc. : _bLabor, _c1960. |
||
| 300 |
_aVIII, 211 p. : _bil. ; _c29 cm. |
||
| 700 | 1 |
_aSáenz de Magarola, Carlos. _9187177 |
|
| 700 | 1 |
_aFolguera, Francisco. _951464 |
|
| 852 |
_aES-MaACL _jC-17593 _bR.45846 |
||
| 999 |
_c89190 _d89190 |
||